[Event "SVK-chT4 A22 1819"]
[Site "Slovakia"]
[Date "2019.02.17"]
[Round "9.1"]
[White "Balogh, Peter1111"]
[Black "Vegh, Vince"]
[Result "0-1"]
[WhiteElo "2019"]
[BlackElo "1933"]
[PlyCount "70"]
[EventDate "2018.10.14"]
[EventType "team-tourn"]
[EventRounds "11"]
[EventCountry "SVK"]
[SourceTitle "EXT 2020"]
[Source "ChessBase"]
[SourceDate "2019.10.17"]
[SourceVersion "1"]
[SourceVersionDate "2019.10.17"]
[SourceQuality "1"]

1. e4 c5 2. Nf3 Nc6 3. Nc3 e5 4. Bc4 d6 5. a3 Be6 6. Qe2 Nf6 7. Nd5 Be7 8. Nxf6+ Bxf6 9. Bxe6 fxe6 10. d3 0-0 11. Be3 Qa5+ 12. c3 d5 13. 0-0 d4 14. Bd2 Qc7 15. c4 Qe7 16. g4 Qf7 17. Kg2 Qg6 18. Kg3 Be7 19. Rh1 h6 20. Rag1 Bg5 21. Nxg5 hxg5 22. h4 gxh4+ 23. Rxh4 Kf7 24. Rgh1 Ke7 25. Rh5 Rf7 26. Rg5 Qf6 27. Rf1 g6 28. f4 Rh8 29. f5 Rfh7 30. Qg2 gxf5 31. exf5 e4 32. Qxe4 Rh2 33. Rg7+ Kf8 34. g5 R2h3+ 35. Kg4 Qxg7 0-1

[Event "SVK-chT4 A22 1819"]
[Site "Slovakia"]
[Date "2019.01.06"]
[Round "6.1"]
[White "Meszaros, Lorant"]
[Black "Vegh, Vince"]
[Result "1/2-1/2"]
[WhiteElo "1925"]
[BlackElo "1937"]
[PlyCount "98"]
[EventDate "2018.10.14"]
[EventType "team-tourn"]
[EventRounds "11"]
[EventCountry "SVK"]
[SourceTitle "EXT 2020"]
[Source "ChessBase"]
[SourceDate "2019.10.17"]
[SourceVersion "1"]
[SourceVersionDate "2019.10.17"]
[SourceQuality "1"]

1. d4 d5 2. c4 c6 3. Nf3 Nf6 4. g3 g6 5. Bg2 dxc4 6. 0-0 Bg7 7. a4 0-0 8. Nc3 e6 9. Ne5 Nbd7 10. Nxc4 Nb6 11. Ne5 Nbd5 12. e4 Nxc3 13. bxc3 Nd7 14. f4 Nxe5 15. fxe5 c5 16. Be3 b6 17. Qb3 cxd4 18. cxd4 Bb7 19. a5 Ba6 20. Rfc1 bxa5 21. Qa4 Rc8 22. Rxc8 Qxc8 23. Qxa5 Bd3 24. Qxa7 Qc2 25. Qb7 Qe2 26. Bf2 Bh6 27. Re1 Qc2 28. Bf1 Bxf1 29. Kxf1 f5 30. Qb1 Qc4+ 31. Re2 f4 32. Qc2 Qa6 33. gxf4 Bxf4 34. Kg2 Qb7 35. Qa2 Qe7 36. Qb3 g5 37. d5 Bxe5 38. Qh3 exd5 39. exd5 Qf6 40. Qe6+ Qxe6 41. dxe6 Bd6 42. Rd2 Be7 43. Rd7 Re8 44. Bd4 Kf8 45. Ra7 Rc8 46. Kf3 Ke8 47. h3 h5 48. Ra5 Rd8 49. Be3 Rd6 1/2-1/2

[Event "SVK-chT3A2 1617"]
[Site "Slovakia"]
[Date "2016.10.30"]
[Round "2.6"]
[White "Manak, Jozef"]
[Black "Vegh, Vince"]
[Result "1-0"]
[WhiteElo "1994"]
[BlackElo "1958"]
[PlyCount "101"]
[EventDate "2016.10.16"]
[EventType "team-tourn"]
[EventRounds "11"]
[EventCountry "SVK"]
[SourceTitle "EXT 2020"]
[Source "ChessBase"]
[SourceDate "2019.10.17"]
[SourceVersion "1"]
[SourceVersionDate "2019.10.17"]
[SourceQuality "1"]
[WhiteTeam "Piestany Kupele"]
[BlackTeam "Potonska Veza II"]
[WhiteTeamCountry "SVK"]
[BlackTeamCountry "SVK"]

1. d4 d5 2. Bf4 Nf6 3. e3 Nbd7 4. Nf3 e6 5. Bd3 c6 6. Nbd2 Be7 7. c3 b6 8. Ne5 Nxe5 9. Bxe5 0-0 10. Qf3 a5 11. Qh3 h6 12. g4 Nd7 13. Bg3 c5 14. f4 Ba6 15. Bc2 cxd4 16. exd4 f5 17. gxf5 exf5 18. Bxf5 Nf6 19. Nf3 Bd6 20. Ne5 Bxe5 21. fxe5 Ne4 22. Bxe4 dxe4 23. Rg1 Qg5 24. Bf2 Qf5 25. Qxf5 Rxf5 26. Be3 Rh5 27. Rg2 Rf8 28. Kd2 Bf1 29. Rf2 Bd3 30. Rxf8+ Kxf8 31. Bf4 Rf5 32. Bg3 Kf7 33. d5 g5 34. Rg1 h5 35. Rg2 h4 36. Rf2 e3+ 37. Kxe3 hxg3 38. Rxf5+ Bxf5 39. hxg3 Bb1 40. a3 Ke7 41. Kd4 b5 42. a4 bxa4 43. c4 Ba2 44. c5 Bb3 45. e6 Kf6 46. c6 Ke7 47. Ke5 Kd8 48. d6 a3 49. bxa3 g4 50. Kf6 Ba4 51. e7+ 1-0

[Event "SVK-chT2A 1516"]
[Site "Slovakia"]
[Date "2016.03.12"]
[Round "10.6"]
[White "Mackovic, Miroslav"]
[Black "Vegh, Vince"]
[Result "0-1"]
[WhiteElo "1882"]
[BlackElo "1955"]
[PlyCount "62"]
[EventDate "2015.10.17"]
[EventType "team-tourn"]
[EventRounds "11"]
[EventCountry "SVK"]
[SourceTitle "EXT 2017"]
[Source "ChessBase"]
[SourceDate "2016.10.25"]
[SourceVersion "1"]
[SourceVersionDate "2016.10.25"]
[SourceQuality "1"]
[WhiteTeam "Trnava Modranka"]
[BlackTeam "Velky Meder"]
[WhiteTeamCountry "SVK"]
[BlackTeamCountry "SVK"]

1. e4 c5 2. Nf3 Nc6 3. d4 cxd4 4. Nxd4 e5 5. Nb5 d6 6. c4 a6 7. N5c3 Nf6 8. Bg5 Be7 9. Bxf6 Bxf6 10. Nd5 Bg5 11. Nbc3 0-0 12. h4 Bh6 13. g4 Bf4 14. Nxf4 exf4 15. f3 Be6 16. b3 Re8 17. Be2 Qb6 18. Qd2 Qb4 19. Rc1 a5 20. Kf1 a4 21. Qxf4 axb3 22. axb3 Nd4 23. Nb5 Nxe2 24. Kxe2 Qxb3 25. Kf2 Red8 26. Nxd6 Ra2+ 27. Kg3 Qb2 28. Rcg1 h5 29. e5 Qf2+ 30. Kh3 hxg4+ 31. Rxg4 Qg2# 0-1

[Event "SVK-chT4 A22 1516"]
[Site "Slovakia"]
[Date "2015.11.22"]
[Round "4.1"]
[White "Hornak, Pavol"]
[Black "Vegh, Vince"]
[Result "1/2-1/2"]
[WhiteElo "1781"]
[BlackElo "1940"]
[PlyCount "73"]
[EventDate "2015.10.04"]
[EventType "team-tourn"]
[EventRounds "11"]
[EventCountry "SVK"]
[SourceTitle "EXT 2020"]
[Source "ChessBase"]
[SourceDate "2019.10.17"]
[SourceVersion "1"]
[SourceVersionDate "2019.10.17"]
[SourceQuality "1"]

1. d4 d5 2. c4 c6 3. Nf3 Nf6 4. e3 e6 5. b3 Be7 6. Bd3 h6 7. 0-0 b6 8. Bb2 Bb7 9. Nbd2 Nbd7 10. Qc2 0-0 11. Rfe1 c5 12. Rad1 cxd4 13. exd4 Rc8 14. a4 a5 15. Ne5 Bd6 16. Ndf3 Bb8 17. Qe2 Nxe5 18. dxe5 Nd7 19. Nd2 Qe7 20. Bb1 Rfd8 21. Qd3 Nf8 22. Qe3 Ba7 23. Bd4 Qc7 24. Rc1 Qc6 25. Nf3 Nd7 26. Qd3 g6 27. Qe3 Kg7 28. Qf4 Ba6 29. Be3 Rh8 30. cxd5 Qxd5 31. Be4 Qxb3 32. Rxc8 Bxc8 33. Rc1 Qxa4 34. h4 Nc5 35. Qf6+ Kg8 36. Qd8+ Kg7 37. Qf6+ 1/2-1/2

[Event "SVK-chT3A2 1213"]
[Site "Slovakia"]
[Date "2013.03.10"]
[Round "10.6"]
[White "Divinec, Peter"]
[Black "Vegh, Vince"]
[Result "0-1"]
[WhiteElo "1234"]
[BlackElo "1932"]
[PlyCount "62"]
[EventDate "2012.10.07"]
[EventType "team-tourn"]
[EventRounds "11"]
[EventCountry "SVK"]
[SourceTitle "EXT 2015"]
[Source "ChessBase"]
[SourceDate "2014.11.20"]
[SourceVersion "1"]
[SourceVersionDate "2014.11.20"]
[SourceQuality "1"]
[WhiteTeam "Piestany Kupele II"]
[BlackTeam "Potonska Veza"]
[WhiteTeamCountry "SVK"]
[BlackTeamCountry "SVK"]

1. e4 c5 2. f4 Nc6 3. Bb5 e6 4. Nf3 d5 5. exd5 exd5 6. Bxc6+ bxc6 7. Qe2+ Be7 8. 0-0 Nf6 9. Re1 Bg4 10. d3 Bxf3 11. Qxf3 0-0 12. Nc3 Re8 13. Bd2 Qc7 14. Re2 c4 15. dxc4 Qb6+ 16. Kh1 Qxb2 17. Rb1 Qxc2 18. cxd5 cxd5 19. Rc1 Qb2 20. Nxd5 Nxd5 21. Qxd5 Red8 22. Qe5 Qxe5 23. fxe5 Rxd2 24. Rxd2 Bg5 25. Rcd1 Bxd2 26. Rxd2 a5 27. a4 Kf8 28. Rd7 Rc8 29. h3 Rc5 30. Rb7 Rxe5 31. Kg1 Re4 0-1

[Event "SVK-chT3A2 1213"]
[Site "Slovakia"]
[Date "2013.01.27"]
[Round "7.2"]
[White "Vegh, Vince"]
[Black "Mackovic, Miroslav"]
[Result "1-0"]
[WhiteElo "1932"]
[BlackElo "1919"]
[PlyCount "111"]
[EventDate "2012.10.07"]
[EventType "team-tourn"]
[EventRounds "11"]
[EventCountry "SVK"]
[SourceTitle "EXT 2015"]
[Source "ChessBase"]
[SourceDate "2014.11.20"]
[SourceVersion "1"]
[SourceVersionDate "2014.11.20"]
[SourceQuality "1"]
[WhiteTeam "Potonska Veza"]
[BlackTeam "Trnava Modranka"]
[WhiteTeamCountry "SVK"]
[BlackTeamCountry "SVK"]

1. e4 c5 2. Nf3 d6 3. d4 cxd4 4. Nxd4 Nf6 5. Nc3 a6 6. Bd3 Nbd7 7. a4 Nc5 8. 0-0 Nxd3 9. Qxd3 b6 10. Bg5 e6 11. Rad1 Bb7 12. f4 Be7 13. Kh1 Qc7 14. Rde1 0-0-0 15. f5 e5 16. Nf3 h6 17. Bxf6 Bxf6 18. Nd5 Bxd5 19. Qxd5 Qb7 20. Qc4+ Kb8 21. Rd1 Rd7 22. Rd5 Rc8 23. Qb3 Rc5 24. Rfd1 Rxd5 25. Rxd5 Ka7 26. Qd3 Qc7 27. h3 Rd8 28. b3 Be7 29. Nd2 f6 30. c4 Qb7 31. Nf1 Rc8 32. Qf3 Qd7 33. Ne3 Qc6 34. Rd1 Bf8 35. Nd5 Qe8 36. a5 bxa5 37. Qf2+ Rc5 38. Nc7 Qc8 39. Ne6 Kb6 40. Rd5 Kc6 41. Nxc5 dxc5 42. Qd2 Qc7 43. Rd8 Qe7 44. Qxa5 Kb7 45. Qd2 Kc7 46. Ra8 Kb6 47. Qd5 Qd6 48. Qf7 Be7 49. Qe8 Qc7 50. Rc8 Qd6 51. Rb8+ Ka7 52. Ra8+ Kb6 53. Qc8 Ka5 54. Rb8 g6 55. Qe8 gxf5 56. Qa4# 1-0

[Event "SVK-chT3A2 1213"]
[Site "Slovakia"]
[Date "2013.01.13"]
[Round "6.5"]
[White "Zisek, Jaroslav"]
[Black "Vegh, Vince"]
[Result "0-1"]
[WhiteElo "1857"]
[BlackElo "1932"]
[PlyCount "104"]
[EventDate "2012.10.07"]
[EventType "team-tourn"]
[EventRounds "11"]
[EventCountry "SVK"]
[SourceTitle "EXT 2015"]
[Source "ChessBase"]
[SourceDate "2014.11.20"]
[SourceVersion "1"]
[SourceVersionDate "2014.11.20"]
[SourceQuality "1"]
[WhiteTeam "Senica SK"]
[BlackTeam "Potonska Veza"]
[WhiteTeamCountry "SVK"]
[BlackTeamCountry "SVK"]

1. c4 c6 2. Nc3 Nf6 3. Nf3 d5 4. e3 e6 5. d4 Be7 6. Bd2 0-0 7. Rc1 Nbd7 8. Bd3 dxc4 9. Bxc4 b5 10. Bd3 a6 11. 0-0 Bb7 12. Bb1 Rc8 13. a3 c5 14. dxc5 Nxc5 15. Qe2 Qb6 16. Bc2 Rfd8 17. e4 Ba8 18. h3 h6 19. Be3 Qb7 20. e5 Nd5 21. Nxd5 exd5 22. Nd4 Ne6 23. Qd3 g6 24. Bxh6 Nxd4 25. Qxd4 Rc4 26. Qd3 d4 27. f3 Kh7 28. Bd2 Qb6 29. Kh1 Qe6 30. Rfe1 Bd5 31. Qe2 Kg7 32. Bd3 Rxc1 33. Rxc1 Bh4 34. Kh2 Re8 35. g3 Bd8 36. Be1 Qxe5 37. Qxe5+ Rxe5 38. Bf2 Bb6 39. Kg2 Re6 40. Re1 Rd6 41. g4 Bc4 42. Rd1 Bxd3 43. Rxd3 Kf6 44. Rd1 Ke6 45. Kf1 Kd5 46. b3 Rc6 47. Ke2 Rc2+ 48. Ke1 Rc3 49. Rb1 Rxf3 50. h4 Ke4 51. Rc1 Rxb3 52. Rc6 Ba5+ 0-1